Регионална библиотека "Любен Каравелов" - Русе

Тъмен прилив (Запис номер 197353)

MARC детайли
000 -Лидер
Контролно поле с фиксирана дължина 01403nam a2200337 c 4500
003 - Код на организацията, давaща контролен номер
Контролно поле BLK
005 - Дата и час на последна редакция
Контролно поле 20201013092936.0
008 - Елементи от данни с фиксирана дължина
fixed length control field 180411b bul|||||r ||||||| ||bul||
010 ## - Наследен системен номер
LC control number KNG00206631000
020 ## - Международен стандартен номер на книга ISBN
Международен стандартен номер на книга ISBN 978-954-27-1519-1
040 ## - Източник на каталожния запис
Идентификатор на билиотеката - собственик на записа BLK
041 ## - Код за език
Код за езика на текст/звукозапис или на отделно заглавие Български
Код за езика КДБФ Български
072 #7 - Код за тематичната категория
Код организация bullib
Код за тематична категория Н83
Текст Чужда художествена литература Н
080 ## - УДК
Текстов определител УДК Американска литература (на САЩ)
УДК код - определител по УДК 821.111(73)
УДК определител -93-312.9
УДК - код + определител 821.111(73)-93-312.9
100 1# - Редна дума - Автор
Автор Донъли, Дженифър
Авторска отговорност първи автор
R(LIN) 332028
139 ## - Редно поле
Редна дума Донъли, Дженифър
Авторски знак Донч - Д 78
245 10 - Сведения за заглавието
Заглавие Тъмен прилив
Подзаглавни данни Роман
Редно поле (дума) Дженифър Донъли; прев. от англ. Ирина Денева-Слав.
257 ## - Страна на издаване
Страна на създаване/издаване Съединени американски щати
260 ## - Област на издателските данни
Място на издаване, разпространение и проч. София
Име на издателя, разпространителя и проч. Егмонт България
Година на издаване 2016
Печатница София : Инвестпрес
300 ## - Физическа характеристика
Страници 338 с.
Размери/Мащаб 21 см
380 ## - Жанр
Жанр Детска худож. лит.
490 1# - СЕРИИ (Колекции)
Име на серия Сага за вода и огън
№: серия кн. 3
500 ## - Общи забележки
Забележка Ориг. загл.: The waterfire saga: Dark tide. - Речник: с. 370-383.
659 ## - Тематичен бюлетин
Тематичен бюлетин Н
700 1# - Други автори (авторска отговорност)
Лично име Денева-Слав, Ирина
Автороска отговорност (Описва отношението между автора и произведението) прев. от англ.
9 (RLIN) 383642
852 ## - Местоположение
Форматна сигнатура Цб 277463
856 4# - Електронен адрес и достъп
Електронен формат pdf - файл
856 4# - Електронен адрес и достъп
Електронен формат pdf - файл
999 ## - СИСТЕМНИ КОНТРОЛНИ НОМЕРА
Koha biblionumber 197353
Koha biblioitemnumber 197353
942 ## - АРТИКУЛИ
Вид на библиотечния материал Книги
Скрит в OPAC Не
Периодичен библиозапис Да
944 ## - СЪЗДАВАНЕ И РЕДАКЦИЯ на ЗАПИСА
Създаване/Редакция Създаване
Дата на регистрацията/редакция 19.05.2017
Служител, извършил регистрацията/редакцията Виолета_Тройчева
944 ## - СЪЗДАВАНЕ И РЕДАКЦИЯ на ЗАПИСА
Създаване/Редакция Редакция
Дата на регистрацията/редакция 27.06.2017
Служител, извършил регистрацията/редакцията Геновева_Генчева
999 ## - СИСТЕМНИ КОНТРОЛНИ НОМЕРА
Koha biblioitemnumber 197353
Наличности
Код за отписване Код за изгубен артикул Код за повреда Коз за рестрикции Код за отдаване Артикулен № Име на библиотеката - собственик Име на библиотеката, в която се намира в момента Статус (Текущо местоположение) Дата на вписване в системата Местоположение - отдел Цена в лева Инвентарен номер Систематично азбучна сигнатура Баркод Номер на екземпляра Цена в евро Служебна бележка Служебен тип на артикула Източник на класификационната схема
  Не е изгубен Не е повреден без рестрикции ползва се в читалня 343697 Регионална библиотека "Любен Каравелов" Русе Регионална библиотека "Любен Каравелов" Русе Хранилище 2017-05-19 Хранилище 12.90 120000811156 Цб 277463 120000811156 1 6.60 Дост: Dp Вид: Д N: 16 Дата: 28.03.2017 Книги  
  Не е изгубен Не е повреден без рестрикции заемане за дома 803564 Регионална библиотека "Любен Каравелов" Русе Регионална библиотека "Любен Каравелов" Русе Детски отдел 2020-10-19 Детски отдел 10.00   821-93/Д78 Д 120000849241   5.11   Книги Universal Decimal Classification
Vip Innovations Ltd, Rousse, Bulgaria 2025